[Event "EYCC 2017"]
[Site "Mamaia"]
[Date "2017.09.13"]
[Round "8"]
[White "Beliotis, Georgios"]
[Black "Ileana, George"]
[Result "0-1"]
[WhiteElo "2157"]
[BlackElo "2219"]
[Annotator "TA"]
[PlyCount "140"]
[EventDate "2017.??.??"]
[EventType "swiss"]
[EventCountry "ROU"]
[SourceTitle "playchess.com"]
[Source "ChessBase"]
[SourceQuality "1"]

{[%evp 12,140,21,22,18,11,27,14,48,49,69,63,70,66,74,52,62,13,48,44,50,35,31,33,44,47,42,21,34,14,47,26,36,34,30,8,8,0,11,3,9,5,6,0,0,-7,0,-14,-15,-15,-8,-37,-49,-56,-60,-44,-46,-56,-44,-123,-70,-305,-279,-329,-319,-524,0,0,0,0,0,0,16,9,16,16,12,7,9,11,186,188,5202,5202,1678,1504,2041,1694,1810,436,1438,576,533,0,1296,904,696,0,1068,0,497,240,240,225,186,0,0,0,155,0,0,0,125,0,0,0,0,-29991,0,-29992,-29993,-29993,-29994,-29995,-29996,-29996,-29997,-29997,-29998,-29998,-29999]} 1. e4 c5 2. Nf3 d6 3. Bb5+ Nd7 4. O-O a6 5. Bd3 Ngf6 6. c3 {B51: Sicilian: Moscow Variation (3 Bb5+) without 3...Bd7} e6 (6... g6 7. Re1 Bg7 8. Bf1 b5 9. d4 cxd4 10. cxd4 Bb7 11. e5 dxe5 12. dxe5 Nd5 13. e6 fxe6 14. Ng5 Nc5 15. Qf3 Rf8 16. Qh3 {½-½ (40) Navara,D (2737)-Nepomniachtchi,I (2751) Saint Louis 2017}) 7. Bc2 {LiveBook: 6 Games} Be7 8. d4 {The position is equal.} cxd4 9. cxd4 O-O 10. Nc3 Qc7 11. Re1 $146 ({Predecessor:} 11. Qd3 h6 12. Re1 e5 13. Nd5 Qd8 14. Nh4 Nh5 {1-0 (43) Bogdanov,E-Belous,M Evpatoria 2007}) 11... Rd8 12. Qe2 Nf8 13. a4 b6 14. e5 Nd5 15. Nxd5 exd5 16. h3 dxe5 17. Nxe5 Bd6 18. Bb3 Qb7 19. Qf3 Be6 20. Bf4 Bb4 21. Rec1 {Threatens to win with Nc6.} Rdc8 22. Bg3 Ng6 {[%cal Bf8g6,Bg6e7,Be7c6,Bc6a5][%mdl 32]} 23. Ng4 Ne7 24. Ne3 b5 25. Qe2 bxa4 26. Bxa4 Qb6 27. Qd3 Nc6 28. Rd1 Na5 29. Bc2 g6 30. Be5 Be7 31. Qd2 Nc6 32. Ba4 Nxe5 33. dxe5 Rd8 34. Rac1 Rab8 35. Rc2 ({White should play} 35. b3 $1 $15) 35... Bg5 (35... d4 $17 36. Nc4 Qb4 37. Qxb4 Rxb4) 36. Qe2 $2 (36. Qd4 $15) 36... d4 $19 37. Nc4 Qb4 38. Bc6 $2 {[#]} (38. b3 {was the only defense.} d3 39. Rxd3 Rxd3 40. Qxd3) 38... Bf5 $2 ({Better is} 38... d3 $1 $19 {[%cal Rd3e2][%mdl 512]} 39. Rxd3 Rxd3 40. Qxd3 Bf5) 39. Be4 $11 Bxe4 40. Qxe4 Qa4 41. h4 Be7 42. Rcc1 d3 43. Rxd3 Rxd3 44. Qxd3 Bxh4 45. e6 $36 {[%mdl 2048] White has good play.} fxe6 $2 (45... Qe8 $11 {and Black is okay.}) 46. Qe4 $18 Bf6 $2 (46... Bxf2+ 47. Kxf2 Qd7) 47. Qxe6+ Kg7 48. Nd6 {Threatening mate with Rc7+.} Rf8 49. Rc7+ Kh8 50. Nf7+ (50. g3 $142 Qa1+ 51. Kg2) 50... Kg7 (50... Rxf7 $142 51. Rxf7 Qd1+ 52. Kh2 Qh5+ 53. Qh3 Qxh3+ 54. Kxh3 Bxb2) 51. Ng5+ (51. g3 $142) 51... Kh6 52. Nf7+ (52. Qd6 $142 Bg7 53. Nf7+ Rxf7 54. Rxf7) 52... Kg7 $1 53. Ne5+ Kh8 54. Nf7+ (54. Rd7 $142) 54... Kg7 $1 55. Ng5+ (55. g3 $142 Qa5 56. Rd7) 55... Kh6 56. Rxh7+ (56. Qd6 $142 Be5 57. Qxf8+ (57. Rxh7+ Kxg5 58. Qxe5+ Rf5 $18) (57. Qxe5 Qd1+ 58. Kh2 Qh5+ 59. Kg3 Qxg5+ 60. Qxg5+ Kxg5 $14) 57... Kxg5 58. Qe7+ Kf5 59. Qf8+ Kg4 60. Qc8+ Kg5 61. Qd8+ Kh6 62. Qf8+ Kg5 63. Qe7+ Kf5 64. Rc1) 56... Kxg5 57. Qd5+ Kg4 {aiming for ...Rd8.} 58. Qf3+ $2 ({Worse is} 58. f3+ Kf4 $11) ({Only move:} 58. g3 $1 $18 {Black must now prevent Kg2.} Bd8 59. Qe6+ Kf3 60. Qd6) 58... Kg5 $11 59. Qd5+ $2 (59. Qe3+ $11 Qf4 60. Qc5+ Be5 61. g3) 59... Kg4 $16 {...Rd8 is the strong threat.} 60. Qf3+ $2 ({Inferior is} 60. f3+ Kf4 $11) ({White has to play} 60. g3 $1 $16 Bd8 61. b3 Qa1+ 62. Kg2 Rxf2+ 63. Kxf2 Bb6+ 64. Ke2 Qb2+ 65. Qd2 Qe5+ 66. Kd3 Qf5+ 67. Kc3) 60... Kg5 $11 {( -> ...Qa1+)} 61. Qd5+ (61. Qe3+ $11 Qf4 62. Qc5+ Be5 63. g3) 61... Kg4 $16 62. f3+ ({White must play} 62. g3 $1 $16 Bg5 63. Kg2 Rxf2+ 64. Kxf2 Qc2+ 65. Ke1) 62... Kf4 $11 {Strongly threatening ...Rd8.} 63. Qd6+ Ke3 {Hoping for ...Qd4!} 64. Qxf8 $4 {[%mdl 12288] Endgame KQR-KQB} (64. Re7+ $11 Bxe7 65. Qxe7+ Kd2 66. Qd6+ Ke1 67. Qe7+ Kd2 68. Qd6+ Ke1 69. Qe7+ Kd2) 64... Qd1+ 65. Kh2 {[#]} Kf2 $1 {Black mates.} 66. Qc5+ {[#]} Bd4 $1 67. Qg5 Qg1+ 68. Kh3 Qh1+ 69. Kg4 Qxg2+ 70. Kh4 Qh2+ {Precision: White = 37%, Black = 53%.} 0-1

[Event "EYCC 2017"]
[Site "Mamaia"]
[Date "2017.09.13"]
[Round "8"]
[White "Voloshchuk, Iliya"]
[Black "Milosevic, Milos"]
[Result "1/2-1/2"]
[WhiteElo "2156"]
[BlackElo "2265"]
[Annotator "TA"]
[PlyCount "276"]
[EventDate "2017.??.??"]
[EventType "swiss"]
[EventCountry "ROU"]
[SourceTitle "playchess.com"]
[Source "ChessBase"]
[SourceQuality "1"]

1. d4 {Program Activation Required} Nf6 2. Bf4 c5 3. e3 Qb6 4. Nc3 cxd4 (4... Qxb2 5. Nge2 Qb6 6. Rb1 Qd8 7. dxc5 g6 8. g3 Na6 9. Qd4 Bg7 10. Bg2 Nh5 11. Be5 f6 {1-0 (32) Grischuk,A (2774)-Adhiban,B (2674) Berlin 2015}) 5. exd4 a6 6. Rb1 {A45: Damenbauernspiele (Trompowski-Angriff)} d5 7. Nf3 Bg4 8. Be2 e6 9. h3 $146 ({Vorgänger:} 9. O-O Be7 10. Ne5 Bxe2 11. Nxe2 Nc6 {1-0 (35) Pham,L (2337)-Zhu,C (2477) Guangzhou 2010}) 9... Bh5 10. Ne5 Bxe2 11. Nxe2 Nc6 12. O-O Be7 13. c3 O-O 14. Ng3 Nxe5 15. dxe5 Nd7 16. c4 d4 17. b4 Rad8 18. Ne4 f6 19. c5 Qc6 20. Qd3 Qd5 21. exf6 Nxf6 22. Bd6 Bxd6 23. Nxd6 Nh5 24. Qb3 Rxd6 25. cxd6 Qxd6 26. g3 d3 27. Rfe1 Rxf2 28. Qxe6+ Qxe6 29. Rxe6 Rxa2 30. Re3 d2 31. Rd3 Nf6 32. Rd1 Ne4 33. Kg2 Rc2 34. Rd4 Rc1 35. R4xd2 Rc3 36. Rd3 Rc2+ 37. Kf3 Ng5+ 38. Kg4 h6 39. h4 Nf7 40. Kf5 Rf2+ 41. Ke6 Rf6+ 42. Kd5 g5 43. hxg5 hxg5 44. Ke4 Rb6 45. Rd4 Kg7 46. Rc1 Re6+ 47. Kf3 Ne5+ 48. Kg2 b5 49. Re4 Kf6 50. Rf1+ Ke7 51. Rf5 Nc6 52. Rg4 Re2+ 53. Kf3 Rb2 54. Rfxg5 Nxb4 55. Rg7+ Ke6 56. Re4+ Kd6 57. Rg6+ Kc5 58. Rg8 a5 59. Ra8 Nc6 60. g4 b4 61. g5 Nd4+ 62. Kg3 Kd5 63. Re1 Rb3+ 64. Kg4 Nc6 65. Kf4 Rb2 66. Rg1 Rf2+ 67. Ke3 Rf7 68. g6 Rg7 69. Rg5+ Kd6 70. Kd2 Ke7 71. Ra6 Kd7 72. Ra8 Ke7 73. Kd3 Kf6 74. Rc5 Rd7+ 75. Kc4 Ne5+ 76. Kb3 Rd3+ 77. Kc2 b3+ 78. Kb2 Re3 79. Ra6+ Kg7 80. Rc7+ Kh6 81. Rh7+ Kg5 82. Rxa5 Kxg6 83. Rc7 Kf6 84. Rc3 Re2+ 85. Kxb3 Ke6 86. Rh3 Kf5 87. Kc3 Kg4 88. Rh8 Kf4 89. Rf8+ Kg3 90. Rg8+ Kf4 91. Rf8+ Kg3 92. Ra7 Ng4 93. Kd3 Re3+ 94. Kd2 Re4 95. Ra3+ Kh4 96. Rfa8 Re7 97. R3a4 Rg7 98. Ke2 Kg3 99. Re8 Rg6 100. Ree4 Rg7 101. Ke1 Kf3 102. Re6 Rg8 103. Ra3+ Kf4 104. Ke2 Kf5 105. Rea6 Re8+ 106. Kf1 Ne5 107. R3a5 Re7 108. Kf2 Ke4 109. Ke2 Re8 110. Rh6 Kf4 111. Ra4+ Kg5 112. Rha6 Kf5 113. Ra1 Ng4+ 114. Kf3 Ne5+ 115. Kf2 Rb8 116. R1a2 Rb7 117. R6a5 Kf4 118. R5a4+ Kf5 119. Ra7 Rb5 120. Ra8 Ng4+ 121. Kg2 Ne5 122. R2a3 Ke4 123. R8a4+ Kf5 124. Kg3 Rb6 125. Re3 Rg6+ 126. Kh3 Rd6 127. Rh4 Rd5 128. Kg3 Kg5 129. Ra3 Kf5 130. Rf4+ Kg5 131. Re3 Rc5 132. Rf8 Rd5 133. Ra3 Rc5 134. Rfa8 Kf5 135. R8a5 Rc7 136. Re3 Re7 137. Raxe5+ Rxe5 138. Rxe5+ Kxe5 1/2-1/2

[Event "EYCC 2017"]
[Site "Mamaia"]
[Date "2017.09.13"]
[Round "8"]
[White "Remizov, Yaroslav"]
[Black "Kucuksari, Kaan"]
[Result "1-0"]
[WhiteElo "2146"]
[BlackElo "2319"]
[Annotator "TA"]
[PlyCount "121"]
[EventDate "2017.??.??"]
[EventType "swiss"]
[EventCountry "ROU"]
[SourceTitle "playchess.com"]
[Source "ChessBase"]
[SourceQuality "1"]

1. e4 {Program Activation Required} c6 2. d4 d5 3. Nc3 dxe4 4. Nxe4 Bf5 5. Ng3 Bg6 6. Bc4 e6 7. N1e2 Nf6 8. O-O Bd6 9. f4 Qc7 10. f5 Bxf5 11. Nxf5 exf5 12. Rxf5 Nbd7 {B18: Caro-Kann (Hauptvariante)} (12... Bxh2+ 13. Kh1 Bd6 14. Qe1 Qe7 15. Rf3 O-O 16. Bg5 Nbd7 17. Qh4 Qe4 18. Nf4 Bxf4 19. Bxf4 Qxd4 20. Bd3 {½-½ (41) Belyakov,B (2478)-Lintchevski,D (2554) Kazan 2015}) 13. Ng3 O-O-O 14. Qf1 h5 15. Bf4 g6 16. Bxd6 Qxd6 17. Rf4 g5 18. Rf3 Qxd4+ $146 ({Vorgänger:} 18... Ng4 19. Qd3 Nxh2 20. Rxf7 {1-0 (60) Aravindh,C (2212)-Soors,S (2353) Chennai 2011}) 19. Kh1 Ng4 20. Rd1 Qc5 21. Ne4 Qe5 22. Nd6+ Kb8 23. g3 Ne3 24. Rxe3 Qxe3 25. Nxf7 Rhf8 26. Qd3 Ne5 27. Qxe3 Rxd1+ 28. Kg2 Nxc4 29. Qxg5 Rd2+ 30. Kh3 Rf2 31. Nd8 Re8 32. Ne6 Rf7 33. Qxh5 Nd6 34. Nf4 Ree7 35. Qa5 b6 36. Qd2 Ne4 37. Qd4 c5 38. Qd5 Nf6 39. Qd6+ Kb7 40. Ne6 Rh7+ 41. Kg2 Rd7 42. Qf4 Nd5 43. Qe4 c4 44. Nd4 Rhe7 45. Qf3 Rf7 46. Qe4 Rfe7 47. Qf3 Kc7 48. c3 Re1 49. h4 Rd1 50. Qe2 Rd3 51. h5 Re7 52. Qf2 Ne3+ 53. Kh3 Rd1 54. Qf4+ Kd7 55. Qf3 Rf1 56. Qc6+ Kd8 57. Kh4 Rd7 58. Qa8+ Kc7 59. Qxa7+ Kc8 60. Qa8+ Kc7 61. Nb5# 1-0

[Event "EYCC 2017"]
[Site "Mamaia"]
[Date "2017.09.13"]
[Round "8"]
[White "Yayloyan, Konstantin"]
[Black "Plenca, Jadranko"]
[Result "0-1"]
[WhiteElo "2142"]
[BlackElo "2440"]
[Annotator "TA"]
[PlyCount "78"]
[EventDate "2017.??.??"]
[EventType "swiss"]
[EventCountry "ROU"]
[SourceTitle "playchess.com"]
[Source "ChessBase"]
[SourceQuality "1"]

{[%evp 9,78,45,54,18,49,15,20,9,13,13,12,15,12,-13,-14,-25,-8,-14,-16,-17,-19,-44,-25,-48,-41,-56,-64,-52,180,0,0,0,0,0,0,0,0,-4,-9,-27,-9,-89,-77,-85,-89,-85,-79,-87,-35,-38,-31,-38,-18,-37,-51,-172,-167,-178,-173,-177,-180,-180,-177,-827,-814,-29972,-29973,-29989,-29974,-29993,-29990]} 1. e4 e5 2. Nf3 Nc6 3. Bb5 Bc5 4. O-O d6 5. c3 Bd7 {LiveBook: 67 Games} 6. d3 {C64: Ruy Lopez: Classical Defence (3...Bc5) except 4 0-0 Nf6} (6. d4 Bb6 7. dxe5 dxe5 8. Nbd2 Nge7 9. Nc4 f6 10. a4 Be6 11. b4 a6 12. Nxb6 cxb6 13. Qxd8+ Rxd8 14. Be2 a5 {1-0 (51) Onischuk,A (2687)-De la Paz Perdomo,F (2469) Monterrey 2010}) 6... Nge7 7. Nbd2 a6 8. Ba4 {The position is equal.} O-O 9. Bb3 $146 ({Predecessor:} 9. b4 Ba7 10. Bb3 Qe8 11. Nc4 Kh8 12. Be3 f5 13. Bxa7 Rxa7 {1-0 (47) Prohaszka,P (2331)-Besnyo,M (2046) Eger 2005}) 9... h6 10. Nc4 Ng6 11. Be3 b5 12. Ncd2 Qf6 13. Rc1 Nf4 14. Bxf4 Qxf4 15. Bd5 Rad8 16. b4 {Hoping for Bxc6.} Bb6 17. Bxc6 Bxc6 18. c4 f5 $2 (18... Bd7 $15 {keeps the upper hand.}) 19. cxb5 $2 ({White should play} 19. c5 $18 dxc5 20. g3) 19... Bxb5 $11 20. a4 fxe4 21. Nxe4 d5 22. Nc5 Bxc5 23. Rxc5 Qxb4 24. Rxc7 Qd6 (24... e4 $5 {[%cal Re4f3]} 25. Ne5 Qd6 $15) 25. Rc1 {[#]} (25. Rb7 $1 $11 Rd7 26. Rxd7 Bxd7 27. h3) 25... Bxd3 $1 $17 {[%mdl 512]} 26. Qxd3 e4 27. Qb3 {aiming for Nd4.} exf3 28. g3 Kh8 (28... Qe6 $17 29. Rc3 Rb8) 29. Rfd1 $15 d4 {...d3 is the strong threat.} 30. Rd3 Qf6 31. Rcd1 Qf5 32. Kh1 {[#]} (32. h4 $15) 32... Rde8 $1 $19 33. Rg1 Re2 34. Rxd4 Rxf2 {( -> ...Qh3)} 35. Rf4 Qc8 $40 {[%mdl 128] Black wants a kill.} 36. Qe3 $2 {[#]} (36. Rxf8+ Qxf8 37. Rd1) 36... Qc2 $1 {[%csl Gc2][%cal Rf2h2][%mdl 512]} 37. Rh4 Re2 {Black mates.} 38. Qa3 Kg8 39. Rf1 Re3 {Precision: White = 38%, Black = 67%.} 0-1

[Event "EYCC 2017"]
[Site "Mamaia"]
[Date "2017.09.13"]
[Round "8"]
[White "Popov, Konstantin"]
[Black "Biletskiy, Danylo"]
[Result "1-0"]
[WhiteElo "2141"]
[BlackElo "1866"]
[Annotator "TA"]
[PlyCount "63"]
[EventDate "2017.??.??"]
[EventType "swiss"]
[EventCountry "ROU"]
[SourceTitle "playchess.com"]
[Source "ChessBase"]
[SourceQuality "1"]

{[%evp 28,63,15,3,3,1,10,-10,0,0,31,-28,-24,-171,-80,-82,-83,-137,-93,-94,-52,-99,-45,-40,-21,-26,-56,-49,-29,-21,61,50,1247,1067,1602,1548,4782,2522]} 1. e4 c5 2. Nf3 Nc6 3. d4 cxd4 4. Nxd4 g6 5. c4 d6 6. Be2 Nf6 7. Nc3 Nxd4 8. Qxd4 Bg7 9. Be3 O-O 10. Qd2 a5 {[%cal Ba7a5,Ba5a4][%mdl 32] B36: Sicilian: Maroczy Bind: Gurgenidze System} 11. f3 a4 12. O-O Qa5 13. Rab1 Be6 14. Rfc1 Rfc8 15. b3 {LiveBook: 10 Games} axb3 16. axb3 Qb4 {[#]} 17. f4 $146 ({Find the theoretical novelty and annotate with similar games:} 17. Rc2 Nd7 18. Nb5 Qxd2 19. Rxd2 {1-0 (51) Short,N (2688)-Vocaturo,D (2592) Helsingor 2017}) 17... Ra3 18. Qc2 Rca8 (18... Bg4 $5 {[%cal Rg4e2]}) 19. f5 (19. h3 $14) 19... Bd7 $11 20. Bd4 {[#]} (20. Bf3 $11) 20... Bc6 (20... Nxe4 $1 $19 {[%mdl 512] is more deadly.} 21. Qxe4 (21. Bxg7 {gets mated.} Qc5+ 22. Bd4 Qxd4+ 23. Kh1 Nf2+ 24. Kg1 Nh3+ 25. Kh1 Qg1+ 26. Rxg1 Nf2#) 21... Bxf5) 21. Bf3 {[#]} Ng4 $1 {[%mdl 512]} 22. Ne2 ({Don't go for} 22. Bxg7 $2 Qc5+ 23. Kh1 Nf2+ 24. Kg1 Nd3+ 25. Kh1 Nxc1 $19) ({Better is} 22. Qd3 Bxd4+ 23. Qxd4) (22. Bxg4 Bxd4+) 22... Bxd4+ 23. Nxd4 Qc5 24. Qc3 Nf6 (24... gxf5 $17 {Hoping for ...e5.} 25. exf5 Ra2) 25. Re1 $15 gxf5 26. exf5 Bxf3 27. gxf3 d5 (27... b5 $5) 28. Kh1 Rc8 (28... dxc4 $11 29. Qxc4 Qxc4 30. bxc4 Rd3) 29. Re5 Nd7 $2 {[%mdl 8192]} (29... Raa8 $14) 30. Rg1+ {White is clearly winning.} Kf8 31. Rxd5 {White wants to mate with Ne6+!} Qxd5 {[#]} 32. Ne6+ $1 {[%mdl 512] Precision: White = 43%, Black = 19%.} 1-0

[Event "EYCC 2017"]
[Site "Mamaia"]
[Date "2017.09.13"]
[Round "8"]
[White "Shafigullina, Zarina"]
[Black "Sosa Suarez, Carla Cristina"]
[Result "1-0"]
[WhiteElo "2130"]
[BlackElo "1930"]
[Annotator "TA"]
[PlyCount "83"]
[EventDate "2017.??.??"]
[EventType "swiss"]
[EventCountry "ROU"]
[SourceTitle "playchess.com"]
[Source "ChessBase"]
[SourceQuality "1"]

{[%evp 18,83,47,12,52,51,63,0,9,-8,-12,0,45,48,49,0,33,5,22,0,34,18,103,41,101,108,126,164,161,153,208,114,337,333,356,352,346,265,375,396,403,393,469,460,458,458,452,433,516,502,566,542,561,553,809,777,797,795,783,772,2503,2498,2486,2492,2443,2419,2392,2268]} 1. e4 e6 2. d4 d5 3. Nc3 Be7 4. g3 dxe4 5. Nxe4 Nf6 6. Bg2 Nbd7 7. Nxf6+ Bxf6 8. Nf3 O-O {C10: French with 3 Nc3: Unusual Black 3rd moves and 3...dxe4} 9. O-O c5 (9... e5 10. Be3 exd4 11. Bxd4 c5 12. Bxf6 Nxf6 13. Qxd8 Rxd8 14. Ne5 Rb8 15. Rad1 Be6 16. b3 {½-½ (31) Dominguez Perez,L (2726)-Kasimdzhanov,R (2705) Tbilisi 2015}) 10. Be3 {LiveBook: 4 Games} Qe7 $146 {The position is equal.} ({Find the theoretical novelty and annotate with similar games:} 10... cxd4 11. Nxd4 Nb6 12. Qd3 Nd5 13. Bd2 Qb6 14. Nb3 a5 15. c4 Nb4 16. Qe2 Nxa2 {1-0 (44) Pashikian,A (2366)-Nalbandian,T (2478) Batumi 2003}) 11. Qe2 a5 12. Qb5 (12. c4 $14) 12... b6 $1 $11 {White should prevent ...Ba6.} 13. Ne5 cxd4 $1 14. Bxa8 (14. Bxd4 Bxe5 $1 {[%mdl 512]} 15. Bxe5 Ba6 $17) 14... Bxe5 15. Bd2 $36 {[%mdl 2048] Black is under pressure.} Nc5 {White must now prevent ...Ba6.} 16. Rfe1 Bc7 (16... Ba6 $5 {[%cal Ra6b5]} 17. Qxb6 Rb8 $14) 17. Qc6 Ba6 18. Qg2 d3 19. c3 Nd7 (19... Rd8 $11) 20. Be3 ({Better is} 20. Bb7 $16 Bxb7 21. Qxb7) 20... Rd8 ({Black should play} 20... Nc5 $14) 21. Bb7 $16 Bxb7 22. Qxb7 Qd6 {[#]} 23. Rad1 $1 e5 {[#]} (23... f5 $16 {might work better.}) 24. Qf3 (24. f4 $1 $18) 24... b5 $2 (24... h6 $16) 25. Bg5 $18 f6 26. Rxd3 Qe6 27. Qd5 Kf7 (27... Nc5 {was called for.} 28. Qxc5 Rxd3) 28. Be3 e4 29. Bf4 Bxf4 30. Qxe6+ {White is clearly winning.} Kxe6 31. gxf4 {[%mdl 4096] Endgame KRR-KRN} f5 32. f3 Rc8 33. fxe4 Nc5 34. exf5+ Kxf5 35. Rd4 Ne6 36. Re5+ Kf6 37. Rd6 Re8 38. Rxb5 Ke7 39. Rxe6+ Kxe6 40. Re5+ Kd7 41. Rxe8 Kxe8 42. b4 {Precision: White = 61%, Black = 23%.} 1-0

[Event "EYCC 2017"]
[Site "Mamaia"]
[Date "2017.09.13"]
[Round "8"]
[White "Dolgun, Can"]
[Black "Kharitonov, Egor"]
[Result "0-1"]
[WhiteElo "2128"]
[BlackElo "2387"]
[Annotator "TA"]
[PlyCount "144"]
[EventDate "2017.??.??"]
[EventType "swiss"]
[EventCountry "ROU"]
[SourceTitle "playchess.com"]
[Source "ChessBase"]
[SourceQuality "1"]

{[%evp 20,144,50,51,163,153,150,153,158,164,272,161,148,131,168,166,154,152,192,174,187,-28,68,17,17,17,22,-183,-192,-175,-160,-333,-342,-536,-528,-525,-530,-561,-559,-561,-561,-561,-561,-563,-563,-563,-563,-563,-563,-563,-563,-563,-563,-558,-556,-909,-885,-876,-818,-1048,-1044,-1043,-1043,-1577,-1151,-1423,-1134,-1134,-1119,-1099,-876,-876,-875,-875,-868,-1779,-1764,-1742,-1063,-2335,-1947,-1544,-749,-749,-749,-749,-741,-748,-717,-846,-835,-825,-824,-816,-815,-808,-802,-697,-697,-791,-708,-912,-888,-29977,-29979,-29979,-29980,-29980,-29981,-29981,-29982,-29983,-29984,-29984,-29982,-29982,-29983,-29983,-29983,-29983,-8,-29984,-29985,-29985,-29986,-29986,-29987]} 1. e4 c5 2. Nf3 e6 3. d4 cxd4 4. Nxd4 a6 5. c4 Nf6 6. Nc3 Qc7 7. a3 Be7 8. Be2 Nc6 9. Be3 O-O 10. O-O d6 11. Rc1 {LiveBook: 34 Games. B41: Sicilian: Kan Variation: 5 c4} b6 {[#]} (11... Nxd4 $14 12. Qxd4 b6) (11... Ne5 12. b4 Bd7 13. f4 Nxc4 14. Bxc4 Qxc4 15. Nb1 Qxc1 16. Bxc1 Nxe4 17. Nd2 Nc3 18. Qf3 Rac8 {1-0 (27) Vocaturo,D (2590)-Bischoff,K (2504) Germany 2015}) 12. Nd5 $1 $18 {[%cal Rd5c7]} exd5 13. cxd5 {White is clearly better.} Nxe4 14. Nxc6 Bf6 (14... Bd8 $142 15. Re1 Bb7) 15. Rc4 $146 (15. Bd3 $142 Re8 16. Re1 Bxb2 17. Bxe4 Bxc1 18. Bxc1) ({Find the theoretical novelty and annotate with similar games:} 15. Bd3 Nc5 16. Bb1 a5 17. b4 axb4 18. axb4 Na6 19. Bd4 Bxd4 20. Qxd4 Re8 21. Rfe1 Bb7 22. Qh4 g6 23. Re7 Rxe7 24. Nxe7+ {1-0 (24) Haag,M (2263)-Kastner,O (2037) Prague 2017}) 15... Nc5 16. b4 {[%cal Bb2b4,Bb4c5][%mdl 32]} b5 17. Rxc5 dxc5 18. bxc5 Bb7 19. Nb4 {Black must now prevent d6.} Rad8 {[#]} 20. Bf3 $2 (20. d6 $1 $18 {[%cal Rd6c7]} Qc8 21. Bf3 Bxf3 22. Qxf3) 20... Be5 ({Better is} 20... a5 $11 21. d6 axb4 22. dxc7 Rxd1 23. Bxd1 bxa3) 21. d6 (21. h3 $14) 21... Bxd6 $1 $11 22. cxd6 Rxd6 23. Qxd6 $2 (23. Qc1 $11 Qxc1 24. Rxc1 Bxf3 25. gxf3) 23... Qxd6 $19 24. Bxb7 a5 25. Na6 $2 (25. Nc2 $17 {was necessary.}) 25... Qxa3 26. Bc5 (26. Nc5 $142) 26... Qc3 27. Bxf8 Kxf8 28. Rd1 b4 29. Nb8 g6 30. Nc6 a4 {Hoping for ...b3.} 31. Nd4 b3 32. Bd5 b2 {...Qxd4! is the strong threat.} 33. Ba2 Qc1 {[%cal Rc1d1]} 34. Rf1 Qa1 35. Bb1 a3 36. Nc2 a2 37. Na3 axb1=R 38. Nxb1 {[%mdl 4096] Endgame KQ-KRN} Ke7 39. Rd1 Qa4 {[%cal Ra4d1]} 40. Re1+ Kd6 41. Nc3 Qc2 42. Nb1 Qc1 {[%cal Rc1e1]} 43. Kf1 Qc4+ 44. Kg1 Qd3 45. f3 Kc5 46. Kf2 Qc2+ 47. Kg3 Qc1 48. Kf2 Kb4 49. Re4+ Kb3 50. Re3+ Ka2 (50... Kc4 $142 51. Na3+ Kb4) 51. Nc3+ Qxc3 52. Rxc3 b1=Q {Threatens to win with ...Qb2+. KQ-KR} 53. Re3 Qb6 54. f4 Kb2 55. Kf3 Qc6+ 56. Kf2 Kc2 57. Re2+ Kd3 58. Re3+ Kd4 59. Re2 h5 60. h4 Qc1 61. Kg3 {[#]} Qe3+ $1 {[%mdl 512]} 62. Rxe3 Kxe3 63. Kh2 Kxf4 {K3P-KPP} 64. Kh3 f5 65. g3+ Kf3 66. Kh2 Kg4 67. Kg2 f4 68. gxf4 Kxf4 69. Kh3 Kf3 70. Kh2 Kg4 {Black mates.} 71. Kg2 Kxh4 72. Kh2 g5 {Precision: White = 49%, Black = 71%.} 0-1

[Event "EYCC 2017"]
[Site "Mamaia"]
[Date "2017.09.13"]
[Round "8"]
[White "Represa Perez, Mireya"]
[Black "Sliwicka, Alicja"]
[Result "0-1"]
[WhiteElo "2082"]
[BlackElo "2230"]
[Annotator "NA RC"]
[PlyCount "68"]
[EventDate "2017.??.??"]
[EventType "swiss"]
[EventCountry "ROU"]
[SourceTitle "playchess.com"]
[Source "ChessBase"]
[SourceQuality "1"]
[TimeControl "40/5400+30:1800+30"]

1. e4 {[%emt 0:00:00]} e5 {[%emt 0:00:05]} 2. Nf3 {[%emt 0:00:00]} Nc6 {[%emt 0:00:06]} 3. Nc3 {[%emt 0:00:00]} Nf6 {[%emt 0:00:08]} 4. d4 {[%emt 0:00:00]} exd4 {[%emt 0:01:10]} 5. Nxd4 {[%emt 0:00:07]} Bb4 {[%emt 0:02:21]} 6. Nxc6 {[%emt 0:00:48]} bxc6 {[%emt 0:00:15]} 7. Bd3 {[%emt 0:00:09]} d5 {[%emt 0:02:18]} 8. exd5 {[%emt 0:00:19]} cxd5 {[%emt 0:00:16]} 9. O-O {[%emt 0:00:12]} O-O {[%emt 0:00:22]} 10. Bg5 {[%emt 0:00:12]} Be7 {[%emt 0:02:49]} 11. Qf3 {[%emt 0:02:04]} c6 {[%emt 0:00:31]} 12. Rfe1 {[%emt 0:00:34]} Rb8 {[%emt 0:02:19]} 13. Na4 {[%emt 0:09:00]} h6 {[%emt 0:05:32]} 14. Bf4 {[%emt 0:18:05]} Rb4 {[%emt 0:06:45]} 15. b3 {[%emt 0:02:59]} Bg4 {[%emt 0:10:48]} 16. Qe3 {[%emt 0:03:41]} Re8 {[%emt 0:05:19]} 17. c4 {[%emt 0:07:16]} dxc4 {[%emt 0:08:22]} 18. Bxc4 {[%emt 0:00:54]} Rxc4 {[%emt 0:02:44]} 19. bxc4 {[%emt 0:06:56]} Bb4 {[%emt 0:00:19]} 20. Be5 {[%emt 0:04:02]} Bxe1 {[%emt 0:01:15]} 21. Rxe1 {[%emt 0:01:00]} Nd7 {[%emt 0:02:58]} 22. f4 {[%emt 0:03:36]} Qa5 {[%emt 0:05:31]} 23. Nc3 {[%emt 0:09:45]} f6 {[%emt 0:02:53]} 24. h3 {[%emt 0:09:36]} Bf5 {[%emt 0:02:59]} 25. g4 {[%emt 0:02:09]} Bg6 {[%emt 0:00:42]} 26. Rd1 {[%emt 0:09:21]} Nf8 {[%emt 0:02:14]} 27. Ne4 {[%emt 0:01:56]} Bxe4 {[%emt 0:02:29]} 28. Qxe4 {[%emt 0:00:08]} fxe5 {[%emt 0:00:35]} 29. Qxc6 {[%emt 0:01:07]} Qb6+ {[%emt 0:00:48]} 30. Qxb6 {[%emt 0:00:25]} axb6 {[%emt 0:00:06]} 31. Rd6 {[%emt 0:00:46]} Re6 {[%emt 0:02:03]} 32. fxe5 {[%emt 0:00:58]} Rxd6 {[%emt 0:00:17]} 33. exd6 {[%emt 0:01:31]} Kf7 {[%emt 0:00:54]} 34. Kf2 {[%emt 0:00:06]} Ke6 {[%emt 0:00:11]} 0-1